| 000 | 00428nam a2200181Ia 4500 | ||
|---|---|---|---|
| 001 | 13013 | ||
| 005 | 20260306163022.0 | ||
| 008 | 260306t2005||||xx |||||||||||||| ||spa|| | ||
| 041 | _aESP | ||
| 082 |
_aRD 657.03 _bG49 |
||
| 100 |
_aGiraldo Jara, Demetrio _eAUT |
||
| 245 | 0 | _aDiccionario para contadores | |
| 260 | _c2005 | ||
| 300 |
_a463 páginas : _ccm. |
||
| 650 | _aGEN | ||
| 654 | _aCCO | ||
| 942 |
_cDIC _dJUS _fJUS _2ddc _n |
||
| 999 |
_c13013 _d13013 |
||